| 000 | 00786nam a22002057a 4500 | ||
|---|---|---|---|
| 005 | 20120725151056.0 | ||
| 010 | _aG-002059 | ||
| 020 |
_a9780195673500 _c495.00 |
||
| 035 | _aG-002059 | ||
| 037 |
_adpl _bGift |
||
| 082 | _a954.91 | ||
| 100 |
_aCohen, Stephen Philip. _950482 |
||
| 245 |
_aThe Idea Of Pakistan/ _cby Stephen Philip Cohen |
||
| 260 |
_aNew Delhi _bOxford University Press _c2005 |
||
| 270 |
_aYMCA Library Building,Jai Singh Road _bNew Delhi _e110001 |
||
| 300 |
_a382 p. _bnotes,index.. _c22cm |
||
| 942 |
_2ddc _cEN _mCOH _h954.91 |
||
| 999 |
_c68669 _d68669 |
||